ARRUPE JESUIT UNIVERSITY

CORONAVIRUS -STOP THE SPREAD - CLEAN,DISINFECT,COVER

What is substance abuse treatment? (Record no. 122689)

MARC details
000 -LEADER
fixed length control field 01136cam a2200301Ia 4500
001 - CONTROL NUMBER
control field 7759693
003 - CONTROL NUMBER IDENTIFIER
control field ARRUPE
005 - DATE AND TIME OF LATEST TRANSACTION
control field 20150421144956.0
006 - FIXED-LENGTH DATA ELEMENTS--ADDITIONAL MATERIAL CHARACTERISTICS--GENERAL INFORMATION
fixed length control field m d f
007 - PHYSICAL DESCRIPTION FIXED FIELD--GENERAL INFORMATION
fixed length control field cr bn|||||||||
008 - FIXED-LENGTH DATA ELEMENTS--GENERAL INFORMATION
fixed length control field 090127s2004 mdua s f000 0 eng d
035 ## - SYSTEM CONTROL NUMBER
System control number (GPO)99264083
035 ## - SYSTEM CONTROL NUMBER
System control number (OCoLC)ocn299755523
040 ## - CATALOGING SOURCE
Original cataloging agency GPO
Transcribing agency GPO
Modifying agency MvI
049 ## - LOCAL HOLDINGS (OCLC)
Holding library ZCUZ
050 ## - LIBRARY OF CONGRESS CALL NUMBER
Classification number RC564.U58
099 ## - LOCAL FREE-TEXT CALL NUMBER (OCLC)
Classification number US Government Documents
110 ## - MAIN ENTRY--CORPORATE NAME
Corporate name or jurisdiction name as entry element United States-Department of Health
9 (RLIN) 17391
245 00 - TITLE STATEMENT
Title What is substance abuse treatment?
Remainder of title a booklet for families.
260 ## - PUBLICATION, DISTRIBUTION, ETC. (IMPRINT)
Place of publication, distribution, etc Rockville, MD :
Name of publisher, distributor, etc U.S. Dept. of Health and Human Services
Date of publication, distribution, etc [n.d.]
300 ## - PHYSICAL DESCRIPTION
Extent iii, 31 p. :
490 1# - SERIES STATEMENT
Series statement DHHS publication ;
Volume number/sequential designation no. (SMA) 04-3955
538 ## - SYSTEM DETAILS NOTE
System details note Mode of access: Internet from the SAMHSA web site. Address as of 1/26/2009: http://kap.samhsa.gov/products/brochures/pdfs/WhatIsTx.pdf ; current access available via PURL.
650 #0 - SUBJECT ADDED ENTRY--TOPICAL TERM
Topical term or geographic name as entry element Substance related disorders
General subdivision Theory
9 (RLIN) 17250
710 2# - ADDED ENTRY--CORPORATE NAME
Corporate name or jurisdiction name as entry element Center for Substance Abuse Treatment (U.S.)
9 (RLIN) 17254
776 0# - ADDITIONAL PHYSICAL FORM ENTRY
Title What is substance abuse treatment
Physical description 31 p.
Record control number (OCoLC)56587582
942 ## - ADDED ENTRY ELEMENTS (KOHA)
Source of classification or shelving scheme Library of Congress Classification
Koha item type Monograph ( Printed materials)
Holdings
Withdrawn status Lost status Source of classification or shelving scheme Damaged status Not for loan Collection code Home library Current library Shelving location Date acquired Total Checkouts Full call number Barcode Date last seen Date checked out Price effective from Koha item type
    Library of Congress Classification     Main Collection ARRUPE LIBRARY ARRUPE LIBRARY Main Collection 16/04/2015 1 RC564.U58 46500002439 05/04/2023 23/03/2023 16/04/2015 Monograph ( Printed materials)

 

Arrupe Library. PO Box MP320 Mt Pleasant, Harare, Zimbabwe
263 242 745411|librarian@aju.ac.zw